Enciclopedia autodidacta océano / (Record no. 9921)

000 -CABECERA
fixed length control field 01268nam a22002057a 4500
003 - IDENTIFICADOR DEL NÚMERO DE CONTROL
control field AR-CdUCM
008 - DATOS DE LONGITUD FIJA--INFORMACIÓN GENERAL
fixed length control field 190328b ||||| |||| 00| 0 spa d
020 ## - NÚMERO INTERNACIONAL ESTÁNDAR DEL LIBRO
ISBN 84-7069-460-X
040 ## - FUENTE DE LA CATALOGACIÓN
Agencia/entidad que catalogó originalmente la obra MUNICIPALIDAD PROVINCIAL DEL CUSCO
Entidad que transcribió la catalogación BIBLIOTECA MUNICIPAL DEL CUSCO
082 ## - NÚMERO DE LA CLASIFICACIÓN DECIMAL DEWEY
No. de Clasificación 030 /
Notacion interna E56
110 ## - ENTRADA PRINCIPAL--NOMBRE DE ENTIDAD CORPORATIVA
Nombre de la institución, jurisdicción como entrada principal Oceano
9 (RLIN) 18116
245 ## - MENCIÓN DE TÍTULO
Título Enciclopedia autodidacta océano /
260 ## - PUBLICACIÓN, DISTRIBUCIÓN, ETC.
Lugar de publicación, distribución, etc. Barcelona :
Nombre de la editorial, distribuidor, etc. Océano - Éxito,
Fecha de publicación, distribución, etc. 1987.
300 ## - DESCRIPCIÓN FÍSICA
Nº de Páginas Extensión 4 tomos ;
Dimensiones 26 cm.
440 ## - MENCIÓN DE SERIE/PUNTO DE ACCESO ADICIONAL--TÍTULO
Título Enciclopedia autodidactica océano.
9 (RLIN) 26468
505 ## - NOTA DE CONTENIDO CON FORMATO
Nota de contenido formateada Contenido: v.1. Lingüística -- Formación del castellano -- Gramática española -- Curso de inglés -- Curso de francés -- Literatura universal -- Literatura española e hispanoamericana -- Filosofía -- Psicología -- Derecho -- v.2. Matemáticas -- Economía -- Contabilidad -- Computación -- Física -- Tecnología -- v.3. Química -- Biología -- La Botánica -- Zoología y paleontología -- Antropología -- Anatomía y fisiología -- Geología -- Astronomía -- Astronáutica -- vol. 4. Geografía -- Historia universal -- Historia de América Latina -- Sociología y política -- Arte y música -- Dibujo -- Educación física y deportes.
650 ## - PUNTO DE ACCESO ADICIONAL DE MATERIA--TÉRMINO DE MATERIA
Descriptor Enciclopedias y diccionarios.
9 (RLIN) 26469
942 ## - ELEMENTOS DE PUNTO DE ACCESO ADICIONAL (KOHA)
Fuente de clasificación
Tipo de item Libros-BMC
945 ## - PROCESAMIENTO DE INFORMACIÓN LOCAL (OCLC)
Catalogador rum
Holdings
Estado de retiro (separado) Fuente de clasificación o esquema de estanterías Estado dañado Ubicación Sala donde se ubica Nombre de la colección Fecha de adquisición o compra Costo, precio normal en soles Signatura topográfica Código de Barras Última vez visto (Koha) Tipo de ítem (Koha)
No     Sala Humanidades Sala Humanidades Book Cart 2019-03-28 130.00 030 / OC28 / 1986 / v.1 SH0000010140 2019-03-28 Libros-BMC
No     Sala Humanidades Sala Humanidades Book Cart 2019-03-28 130.00 030 / OC28 / 1986 / v.2 SH0000010141 2019-03-28 Libros-BMC
No     Sala Humanidades Sala Humanidades Book Cart 2019-03-28 130.00 030 / OC28 / 1986 / v.3 SH0000010142 2019-03-28 Libros-BMC
No     Sala Humanidades Sala Humanidades Book Cart 2019-03-28 130.00 030 / OC28 / 1986 / v.4 SH0000010143 2019-03-28 Libros-BMC

Powered by Koha